Szczegóły MARC21

Socjologiczna praca socjalna w trosce o zdrowie psychiczne /

003 -Nazwa inst., której nr kontr. jest w polu 001 [,]
    • @
    • Nazwa instytucji, której n kontrolny jest w polu 001
    • NUKAT
005 -DATA I CZAS OSTATNIEJ MODYFIKACJI [,]
    • @
    • pole kontrolne
    • 20241231095407.0
020 -Międzynarod. znormalizowany nr książki - ISBN [ , ]
    • a
    • Numer ISBN
    • 839066142X Find
040 -Instytucja sporządzająca opis [ , ]
    • a
    • Instytucja, która sporządziła opis (NP)
    • WA M/GM
    • c
    • Instytucja, która sporządziła rekord (NP)
    • WA M/GM
    • d
    • Instytucja, która zmodyfikowała rekord (P)
    • WA M/IW
    • d
    • Instytucja, która zmodyfikowała rekord (P)
    • WA U/JKs
    • d
    • Instytucja, która zmodyfikowała rekord (P)
    • KR 119/WA
942 -Rodzaj dokumentu [ , ]
    • c
    • Rodzaj dokumentu
    • Książka
100 -Hasło główne - nazwa osobowa [1, ]
    • a
    • Nazwa osobowa (NP)
    • Kaszyński, Hubert.
    • 9
    • KHW
    • 62981
245 -Strefa tytułu i oznaczenia odpowiedzialności [1,0]
    • a
    • Tytuł
    • Socjologiczna praca socjalna w trosce o zdrowie psychiczne / Find
    • c
    • Pozostałe elementy strefy tytułu i oznaczenia odpowiedzialności (NP)
    • Hubert Kaszyński ; Uniwersytet Jagielloński. Instytut Socjologii.
260 -Strefa adresu wydawniczego [ , ]
    • a
    • Miejsce wydania (P)
    • Kraków :
    • b
    • Nazwa wydawcy (P)
    • UJ IS,
    • c
    • Data wydania (P)
    • 2004.
300 -Strefa opisu fizycznego [ , ]
    • a
    • Określenie formy książki i/lub objętość (NP)
    • 162 s. :
    • b
    • Oznaczenie ilustracji (NP)
    • il. ;
    • c
    • Format (NP)
    • 24 cm.
336 -Typ zawartości [ , ]
    • a
    • Termin opisujący typ zawartości
    • Tekst
    • b
    • Kod określający zawartość
    • txt
    • 2
    • Źródło (terminu i kodu)
    • rdacontent
337 -Typ mediów [ , ]
    • a
    • Tryb odtwarzania
    • Bez urządzenia pośredniczącego
    • b
    • Kod typu mediów
    • n
    • 2
    • Źródło (terminu i kodu)
    • rdamedia
338 -Typ/rodzaj nośnika [ , ]
    • a
    • Hasło opisujące typ nośnika
    • Wolumin
    • b
    • Kod typu nośnika
    • nc
    • 2
    • Źródło (terminu i kodu)
    • rdacarrier
490 -Strefa serii i książki wielotomowej - forma nie do wyszukiwania [1, ]
    • a
    • Tytuł (P)
    • Zeszyty Pracy Socjalnej, Find
    • x
    • ISSN (NP)
    • 1507-4285 ;
    • v
    • Numeracja (P)
    • z. 9
830 -Hasło dodatkowe serii i opisu książki wielotomowej - tytuł ujednolicony/tytuł [ ,0]
    • a
    • Tytuł ujednolicony/tytuł (NP)
    • Zeszyty Pracy Socjalnej
    • x
    • ISSN
    • 1507-4285
    • v
    • Oznaczenie tomu (NP)
    • z. 9
    • 9
    • KHW
    • 23018
504 -Uwaga dot. bibliogr. załącznikowej [ , ]
    • a
    • Uwaga dot. bibliografii załącznikowej
    • Bibliogr. s. 151-162.
080 -Uniwersalna Klasyfikacja Dziesiętna [ , ]
    • 2
    • Identyfikator wydania tablic
    • UDC-P058
    • a
    • Symbol klasyfikacji
    • 616.89
    • b
    • Dopowiedzenie
    • Psychiatria. Choroby psychiczne. Psychopatologia. Psychozy. Dewiacje seksualne.
    • x
    • Poddział wspólny
    • (438)
    • b
    • Dopowiedzenie
    • (Polska).
    • x
    • Poddział wspólny
    • "1989/..."
    • b
    • Dopowiedzenie
    • Od 1989 roku.
080 -Uniwersalna Klasyfikacja Dziesiętna [ , ]
    • 2
    • Identyfikator wydania tablic
    • UDC-P058
    • a
    • Symbol klasyfikacji
    • 331
    • b
    • Dopowiedzenie
    • Praca.
    • x
    • Poddział wspólny
    • -056.34
    • b
    • Dopowiedzenie
    • -Chorzy umysłowo.
    • x
    • Poddział wspólny
    • (438)
    • b
    • Dopowiedzenie
    • (Polska).
    • x
    • Poddział wspólny
    • "1989/..."
    • b
    • Dopowiedzenie
    • Od 1989 roku.
080 -Uniwersalna Klasyfikacja Dziesiętna [ , ]
    • 2
    • Identyfikator wydania tablic
    • UDC-P058
    • a
    • Symbol klasyfikacji
    • 364.4-54-056.34/.36
    • b
    • Dopowiedzenie
    • Zakłady dla umysłowo chorych, upośledzonych umysłowo.
    • x
    • Poddział wspólny
    • (438)
    • b
    • Dopowiedzenie
    • (Polska).
    • x
    • Poddział wspólny
    • "1989/..."
    • b
    • Dopowiedzenie
    • Od 1989 roku.
650 -Hasło przedmiotowe [ ,7]
    • a
    • Hasło przedmiotowe
    • Chorzy psychicznie
    • x
    • Określnik rzeczowy
    • opieka i pomoc.
    • 2
    • Źródło terminu
    • kaba
    • 9
    • KHW
    • 379633
650 -Hasło przedmiotowe [ ,7]
    • a
    • Hasło przedmiotowe
    • Opieka społeczna.
    • 2
    • Źródło terminu
    • kaba
    • 9
    • KHW
    • 122448
650 -Hasło przedmiotowe [ ,7]
    • a
    • Hasło przedmiotowe
    • Psychiatria
    • x
    • Określnik rzeczowy
    • aspekt społeczny.
    • 2
    • Źródło terminu
    • kaba
    • 9
    • KHW
    • 703028
980 -Symbol UKD [ , ]
    • a
    • UKD
    • 616.89:364.4-54-056.34/.36:331-056.34](438)"1989/..."
710 -Hasło dodatkowe - nazwa ciała zbiorowego [2, ]
    • a
    • Nazwa ciała zbiorowego lub nazwa geograficzna jako pierwszy element (NP)
    • Uniwersytet Jagielloński.
    • 4
    • Kod relacji
    • pbl
    • 9
    • KHW
    • 10873
920 -ISBN [ , ]
    • a
    • ISBN
    • 83-906614-2-X Find
931 -Powiązanie tyt. z wydaw. ciągłym [ , ]
    • a
    • Powiązanie tytułówki z wydaw. ciągłym
    • PATRZ WYDAWNICTWO CIĄGŁE
    • z
    • Numer rek. powiązanego
    • 158871